For faster deals, get personal (Record no. 70440)
[ view plain ]
| 000 -LEADER | |
|---|---|
| fixed length control field | 01158cam a2200229 4500 |
| 001 - CONTROL NUMBER | |
| control field | ABS65563 |
| 008 - FIXED-LENGTH DATA ELEMENTS--GENERAL INFORMATION | |
| fixed length control field | 020610n2002 000 0 eng u |
| 035 ## - SYSTEM CONTROL NUMBER | |
| System control number | (Sirsi) u118343 |
| 100 ## - MAIN ENTRY--PERSONAL NAME | |
| Personal name | Hart, S |
| 245 ## - TITLE STATEMENT | |
| Title | For faster deals, get personal |
| 260 ## - PUBLICATION, DISTRIBUTION, ETC. | |
| Date of publication, distribution, etc. | 2002 |
| 490 ## - SERIES STATEMENT | |
| Series statement | Estates Gazette |
| Volume/sequential designation | (0218) 4 May 2002, 143(1) |
| 520 ## - SUMMARY, ETC. | |
| Summary, etc. | Argues for conveyancers to challenge local authority practice to use postal searches which earn them revenue rather than using personal searches when requesting information on property for a client. Legislation allows a lawyer to use personal representation to search the local authority registers in order to relive pressure on lawyers to speed things up but in return the local authorities have restricted access to the registers. The Law Society has failed to support its members in improving personal access but the local authorities do need to improve their customer service. |
| 590 ## - LOCAL NOTE (RLIN) | |
| Local note | ABS |
| 650 ## - SUBJECT ADDED ENTRY--TOPICAL TERM | |
| Topical term or geographic name entry element | CONVEYANCING |
| 650 ## - SUBJECT ADDED ENTRY--TOPICAL TERM | |
| Topical term or geographic name entry element | CONVEYANCERS |
| 650 ## - SUBJECT ADDED ENTRY--TOPICAL TERM | |
| Topical term or geographic name entry element | LOCAL AUTHORITIES |
| 650 ## - SUBJECT ADDED ENTRY--TOPICAL TERM | |
| Topical term or geographic name entry element | LOCAL LAND CHARGES REGISTER |
| 650 ## - SUBJECT ADDED ENTRY--TOPICAL TERM | |
| Topical term or geographic name entry element | LAWYERS |
| 690 ## - LOCAL SUBJECT ADDED ENTRY--TOPICAL TERM (OCLC, RLIN) | |
| Topical term or geographic name as entry element | PROPERTY AND LAND LAW-CONVEYANCING |
| 942 ## - ADDED ENTRY ELEMENTS (KOHA) | |
| Suppress in OPAC | 0 |
| Withdrawn status | Lost status | Source of classification or shelving scheme | Damaged status | Not for loan | Home library | Current library | Shelving location | Date acquired | Total Checkouts | Full call number | Barcode | Date last seen | Copy number | Price effective from | Koha item type |
|---|---|---|---|---|---|---|---|---|---|---|---|---|---|---|---|
| Dewey Decimal Classification | London | London | Journal article | 10/06/2002 | ABS65563 | 118343-1001 | 06/08/2019 | 1 | 06/08/2019 | Journal article |